000 00748na a2200253 4500
001 22415
003 MIRAKIL
005 20181213155227.0
008 170213b tu 000 0
020 _a9752201024
040 _aMilas
_btur
_cTR-AnCHP
041 _atur
082 _a327.5610567
_bŞ55t 2004
090 _a327.5610567 Ş55t 2004
100 _aŞimşir, Bilal N.
245 _aTürk-Irak ilişkilerinde Türkmenler
_cBilal N. Şimşir
260 _aAnkara
_bBilgi Yayınevi
_c2004
300 _a725 s.
_bres.
_c21 sm.
500 _aYapıt yazarından imzalıdır.
504 _aKaynakça var.
650 _aUluslararası ilişkiler
_xTürkmenler
_zIrak
651 _aTürkiye
_xUluslararası ilişkiler
_zIrak
942 _2ddc
_cBKS
999 _c8901
_d8901